000 00241nam a2200109Ia 4500
008 200302s9999 xx 000 0 und d
100 _aVictoria Charles
245 _aVan Gogh
260 _bParkstone Press
260 _c1997
300 _a157 P.,
999 _c1725
_d1725